Click Harry Styles Songs - SUDDEN DEATH - Statistics

General Stats
  • This quiz has been taken 333 times
  • The average score is 11 of 14
Answers on the Grid
Answers color-coded by a green-red scale on the quiz's grid according to % correct below.
Watermelon Sugar
Style
Daylight
Lover
Meet Me In The Hallway
I Know Places
Out Of My System
Infinity
Night Changes
Fushcia Sea
Matilda
Gorgeous
Goddess
Falling Behind
Cherry
Woman
Late Night Talking
Fearless
She
Only Angel
Lights Up
Ever Since New York
Grapejuice
To Be So Lonely
Satellite
 
Answer Stats
Answer % Correct
Watermelon Sugar
99%
Matilda
79%
Cherry
78%
Late Night Talking
77%
Daylight
76%
Grapejuice
76%
Satellite
76%
To Be So Lonely
74%
Lights Up
73%
Meet Me In The Hallway
73%
Only Angel
73%
She
73%
Ever Since New York
72%
Woman
71%
No matching quizzes found
Score Distribution
Percent of People with Each Score
Percentile by Number Answered
Your Score History
You have not taken this quiz